Researching and writing dissertations in hospitality and tourism (Record no. 15091)

MARC details
000 -LEADER
fixed length control field 00653nam a22002057a 4500
003 - CONTROL NUMBER IDENTIFIER
control field URS
005 - DATE AND TIME OF LATEST TRANSACTION
control field 20230124155101.0
008 - FIXED-LENGTH DATA ELEMENTS--GENERAL INFORMATION
fixed length control field 180124b xxu||||| |||| 00| 0 eng d
040 ## - CATALOGING SOURCE
Transcribing agency URS
050 ## - LIBRARY OF CONGRESS CALL NUMBER
Classification number TX 911.5 R47 1998
245 ## - TITLE STATEMENT
Title Researching and writing dissertations in hospitality and tourism
Statement of responsibility, etc. Mona A. Clark and 3 others
260 ## - PUBLICATION, DISTRIBUTION, ETC.
Place of publication, distribution, etc. London
Name of publisher, distributor, etc. International Thomson Business Press
Date of publication, distribution, etc. 1998
336 ## - CONTENT TYPE
Source rdacontent
Content type term text
Content type code txt
337 ## - MEDIA TYPE
Source rdamedia
Media type term unmediated
Media type code n
338 ## - CARRIER TYPE
Source rdacarrier
Carrier type term volume
Carrier type code nc
650 #0 - SUBJECT ADDED ENTRY--TOPICAL TERM
9 (RLIN) 3469
Topical term or geographic name entry element Hospitality industry
Form subdivision Research
650 #0 - SUBJECT ADDED ENTRY--TOPICAL TERM
9 (RLIN) 3470
Topical term or geographic name entry element Tourism
Form subdivision Research
700 ## - ADDED ENTRY--PERSONAL NAME
Relator code author
Personal name Clark, Mona
942 ## - ADDED ENTRY ELEMENTS (KOHA)
Source of classification or shelving scheme Library of Congress Classification
Koha item type Foreign Books
Holdings
Withdrawn status Source of classification or shelving scheme Damaged status Not for loan Collection code Home library Current library Shelving location Date acquired Total Checkouts Full call number Barcode Date last seen Price effective from Koha item type
  Library of Congress Classification     Non-fiction Binangonan College Library Binangonan College Library Foreign Section 06/07/2023   TX 911.5 R47 1998 URSBIN-838 01/24/2018 01/24/2023 Foreign Books

University of Rizal System
Email us at univlibservices@urs.edu.ph

Visit our Website www.urs.edu.ph/library